TEXTBOOK OF COMMUNITY HEALTH NURSING VOL-2 (Record no. 532380)

MARC details
000 -LEADER
fixed length control field 00359pam a2200157a 44500
008 - FIXED-LENGTH DATA ELEMENTS--GENERAL INFORMATION
fixed length control field 230515b2018 xxu||||| |||| 00| 0 eng d
020 ## - INTERNATIONAL STANDARD BOOK NUMBER
International Standard Book Number 9789386827227
041 ## - LANGUAGE CODE
Language code of text/sound track or separate title ENGLISH
082 ## - DEWEY DECIMAL CLASSIFICATION NUMBER
Classification number 610
100 ## - MAIN ENTRY--PERSONAL NAME
Personal name MANIVANNAN
245 ## - TITLE STATEMENT
Title TEXTBOOK OF COMMUNITY HEALTH NURSING VOL-2
250 ## - EDITION STATEMENT
Edition statement 1
260 ## - PUBLICATION, DISTRIBUTION, ETC.
Place of publication, distribution, etc.
Name of publisher, distributor, etc. C B S
Date of publication, distribution, etc. 2018
300 ## - PHYSICAL DESCRIPTION
Extent 294
650 ## - SUBJECT ADDED ENTRY--TOPICAL TERM
Topical term or geographic name entry element NULL
Holdings
Withdrawn status Lost status Damaged status Not for loan Home library Current library Shelving location Date acquired Source of acquisition Cost, normal purchase price Total Checkouts Total Renewals Full call number Barcode Date due Date last seen Date last checked out Price effective from Koha item type
        College of Nursing, Pune College of Nursing, Pune   31/12/2021 BHARATI VIDYAPPEETH 450.00 16 10 610 NCP-PG-1917 10/07/2026 03/07/2026 03/07/2026 28/06/2023 Book